Probability and statics

Saved in:
Bibliografiske detaljer
Hovedforfatter: Degroot, Morris H (Author)
Format: Bog
Sprog:engelsk
Udgivet: Wilmington Addison-Wesley Iberoamericana 1975
Fag:
Tags: Tilføj Tag
Ingen Tags, Vær først til at tagge denne postø!

MARC

LEADER 00000nam a2200000 a 4500
001 UCQ8785
003 CL-VaPUC
008 981217e19750000US |||||||||||||||||eng|d
082 0 4 |a 519.2  |b DEG  |2 21 
100 0 |a Degroot, Morris H  |e author  |9 423001 
245 1 0 |a Probability and statics 
300 |a 607 p 
942 |c BK 
945 |d 19981217 00:00:00  |a crobeson 
260 |a Wilmington  |b Addison-Wesley Iberoamericana  |c 1975 
650 0 |a Probabilidades   |9 260199 
650 0 |a Estadística matemática  |9 260028 
650 0 |a Métodos estadísticos   |9 259407 
650 0 |a Variables  |9 338106 
650 7 |a MUESTRAS  |2 CL-VaPUC  |9 353558 
650 7 |a DISTRIBUCIONES  |2 CL-VaPUC  |9 373791 
650 7 |a HIPOTESIS  |2 CL-VaPUC  |9 423002 
583 |a last modification  |c 19981217 00:00:00  |k Rodrigo Vera 
999 |c 277961  |d 277959 
952 |0 0  |1 0  |4 0  |6 519_200000000000000_DEG_1975  |7 0  |8 A  |9 316260  |a BIBGIM  |b BIBGIM  |d 2019-11-20  |i 1305530  |o 519.2 DEG 1975  |p 1305530  |r 2025-01-15  |w 2019-11-20  |y BK  |k EST